| 000 | 00786nam a22002177a 4500 | ||
|---|---|---|---|
| 005 | 20250304150207.0 | ||
| 010 | _aDEC24SC ENG-142981 ENG-143954 | ||
| 020 |
_a9789355018724 _c425.00 |
||
| 035 | _aEN-126513 | ||
| 035 | _aEN-127486 | ||
| 037 | _bDBAD | ||
| 082 |
_a000 _21 |
||
| 100 |
_aMalhotra, Raj _979248 |
||
| 245 |
_aInternational Relations/ _cBy Raj Malhotra [and] Chitralekha Katoch |
||
| 260 |
_aNew Delhi _bS Chand and Company Limited _c2024 |
||
| 270 |
_a A-27, 2nd Floor, Mohan Co-operative Industrial Estate _bNew Delhi _e110044 _minfo@schandpublishing.com _k011-49731800 |
||
| 300 |
_a250p. _c26cm(pb) |
||
| 500 | _afor UPSC Civil Services & State PSC Examinations | ||
| 700 |
_aKatoch, Chitralekha _eAuthor _974993 |
||
| 942 |
_2ddc _cEN _h000 _mMAL _e1 |
||
| 999 |
_c207591 _d207591 |
||